Disaster risk reduction: cases from Urban Africa (Record no. 63584)

MARC details
000 -LEADER
fixed length control field 01108nam a2200217 a 4500
008 - FIXED-LENGTH DATA ELEMENTS--GENERAL INFORMATION
fixed length control field 100119s2009 ||||||||||||||||| || u
020 ## - INTERNATIONAL STANDARD BOOK NUMBER
International Standard Book Number 9781844075560
050 ## - LIBRARY OF CONGRESS CALL NUMBER
Classification number HV 551.5.A35 Dis
100 ## - MAIN ENTRY--PERSONAL NAME
Personal name Pelling, Mark
245 10 - TITLE STATEMENT
Title Disaster risk reduction: cases from Urban Africa
Statement of responsibility, etc. edited by Mark Pelling and Ben Wisner
260 ## - PUBLICATION, DISTRIBUTION, ETC.
Place of publication, distribution, etc. London:
Name of publisher, distributor, etc. Earthscan
Date of publication, distribution, etc. 2009
300 ## - PHYSICAL DESCRIPTION
Extent xvi, 224p.: ill.
350 ## -
-- 0.00
650 ## - SUBJECT ADDED ENTRY--TOPICAL TERM
Topical term or geographic name entry element DISASTERS
650 ## - SUBJECT ADDED ENTRY--TOPICAL TERM
Topical term or geographic name entry element DISASTER RELIEF--AFRICA--CASE STUDIES
650 ## - SUBJECT ADDED ENTRY--TOPICAL TERM
Topical term or geographic name entry element EMERGENCY MANAGEMENT--AFRICA--CASE STUDIES
700 ## - ADDED ENTRY--PERSONAL NAME
Personal name Wisner, Ben
995 ## -
-- ANNEX COLLECTION (Main Library)
-- 0.00
-- 740490
-- CBU-MAIN LIBRARY (Kitwe)
-- 1
-- 0.00
-- HV 551.5.A35 DIS
-- 2
-- AVAILABLE
-- Feb 25, 2010
-- 740490
-- Annex Low-Usage Collection
995 ## -
-- ANNEX COLLECTION (Main Library)
-- 0.00
-- 740489
-- CBU-MAIN LIBRARY (Kitwe)
-- 1
-- 0.00
-- HV 551.5.A35 DIS
-- 1
-- AVAILABLE
-- Feb 25, 2010
-- 740489
-- Annex Low-Usage Collection
995 ## -
-- MAIN LIBRARY OPEN ACCESS
-- 0.00
-- 740491
-- CBU-MAIN LIBRARY (Kitwe)
-- 1
-- 0.00
-- HV 551.5.A35 DIS
-- 3
-- AVAILABLE
-- Feb 25, 2010
-- 740491
-- Main Library Open Access Collection
999 ## -
-- 63584
-- 63584
Holdings
Withdrawn status Lost status Source of classification or shelving scheme Damaged status Not for loan Permanent Location Current Location Shelving location Date acquired Total Checkouts Full call number Barcode Date last seen Copy number Price effective from Koha item type
          CBU-MAIN LIBRARY, KITWE. CBU-MAIN LIBRARY, KITWE.   12/27/2022   HV 551.5.A35 Dis 740490 12/27/2022 2 12/27/2022 MONOGRAPH
          CBU-MAIN LIBRARY, KITWE. CBU-MAIN LIBRARY, KITWE.   12/27/2022   HV 551.5.A35 Dis 740489 12/27/2022 1 12/27/2022 MONOGRAPH
          CBU-MAIN LIBRARY, KITWE. CBU-MAIN LIBRARY, KITWE.   12/27/2022   HV 551.5.A35 Dis 740491 12/27/2022 3 12/27/2022 MONOGRAPH